| 000 | 005380000a22001810004500 | ||
|---|---|---|---|
| 003 | MACL | ||
| 005 | 20160510131752.0 | ||
| 008 | 160510b xxu||||| |||| 00| 0 eng d | ||
| 040 |
_aMACL _cMACL |
||
| 041 | _aHindi | ||
| 082 | _a891.431 | ||
| 100 |
_aजहीन बुनियाद, हुसैन _955910 |
||
| 245 |
_aएहसास के रंग _cबुनियाद हुसैन जहीन |
||
| 260 |
_c2008 _aबीकानेर |
||
| 350 | _a100 | ||
| 650 |
_aPoem _927793 |
||
| 942 |
_cHIN _k891.431/HUS/P _2ddc |
||
| 999 |
_c42723 _d42723 |
||